000 01032cam a2200289 a 4500
001 000002576
005 20241009115416.0
008 840518s1971 sp a 001 0 spa
040 _aDO-SdBNP
_bspa
_dBNPHU
041 1 7 _aspa
_hfre
_2Código de idioma MARC
082 _a800
_bE74s
100 1 _aEscarpit, Robert,
_d1918-
_98109
240 1 0 _aSociologie de la littérature.
_lEspañol
245 1 0 _aSociología de la literatura /
_cRobert Escarpit ; traducción, Francesc Garriga.
260 _aBarcelona :
_boikos-tau,
_c1971.
300 _a127 p. :
_bil. ;
_c18 cm.
440 1 _aque sais-je en lengua castellana ;
_v61
_98110
534 _aTítulo original:
_tSociologie de la littérature
504 _aIncluye referencias bibliográficas y notas al pie de las páginas
650 0 _aLiteratura
_93439
650 0 _aSociología
_91061
650 4 _aLiteratura y sociedad
_98111
650 4 _aSociología de la educación
_97856
700 1 _aGarriga, Francesc,
_etr.
_98112
910 _aCatalogación derivada
910 _aWM
999 _c2412
_d2412